[Event "POL-chT3 Dolnoslaskie 1516"]
[Site "Poland"]
[Date "2015.11.22"]
[Round "3.23"]
[White "Walasiak, Dariusz"]
[Black "Paprocki, Artur"]
[Result "1-0"]
[WhiteElo "2058"]
[BlackElo "1873"]
[PlyCount "41"]
[EventDate "2015.10.18"]
[EventType "team-tourn"]
[EventRounds "11"]
[EventCountry "POL"]
[SourceTitle "EXT 2018"]
[Source "ChessBase"]
[SourceDate "2017.10.13"]
[SourceVersion "1"]
[SourceVersionDate "2017.10.13"]
[SourceQuality "1"]

1. e4 c5 2. Nf3 Nc6 3. d4 cxd4 4. Nxd4 e5 5. Nb5 a6 6. Nd6+ Bxd6 7. Qxd6 Qe7 8. Qd3 Nf6 9. Nc3 d5 10. Nxd5 Nxd5 11. exd5 Nb4 12. Qe4 f5 13. Qc4 b5 14. Qb3 Bb7 15. c4 bxc4 16. Bxc4 0-0-0 17. Bd2 Nxd5 18. Rc1 Kb8 19. 0-0 Rd6 20. Rfe1 Nc7 21. Bf4 1-0